Minecraft bosses - Statistics

General Stats
  • This quiz has been taken 111 times
  • The average score is 3 of 5
Answer Stats
Answer % Correct
Ender dragon
100%
Wither
94%
Warden
84%
Elder guardian
65%
Mega spud
2%
No matching quizzes found
Score Distribution
Percent of People with Each Score
Percentile by Number Answered
Your Score History
You have not taken this quiz